000 00688nam a2200241Ia 4500
003 OSt
005 20220923212147.0
006 a|||||r|||| 00| 0
007 ta
008 220922b |||||||| |||| 00| 0 hin d
024 _a151,268
037 _cTextual
040 _aARTS
_cARTS
_bhin
041 _2hin
_ahin
082 _aMY, 152M7
100 _aजगत सिंह
245 0 _aबालक की क्षमता
246 _aBālak kī kṣhamatā
260 _aदिल्ली
_b प्रभात प्रकाशन
_c1987
300 _a136 पृ.
_ccm.
942 _hMY, 152M7
_cTEXL
_2CC
999 _c306941
_d306941